| 000 | 00419nam a2200169Ia 4500 | ||
|---|---|---|---|
| 008 | 230917s9999||||xx |||||||||||||| ||und|| | ||
| 020 | _cRS 495.00 | ||
| 040 |
_e5005967 _aMAIN |
||
| 041 | _aEnglish | ||
| 082 | _a572.86 A38G | ||
| 100 | _aAggarwal, S K | ||
| 245 | 0 | _aGenomes | |
| 260 |
_aNew Delhi _bMedtech _c2018 |
||
| 300 | _ax, 475 p. | ||
| 500 | _a4915 26/12/2022 IF23/1074 17/02/2023 Main Budget | ||
| 942 | _cBK | ||
| 999 |
_c7808 _d7808 |
||